Eneida

Salvato in:
Dettagli Bibliografici
Autori principali: Virgilio (Autore), Virgilio Marón, Publio (Autore)
Natura: Libro
Lingua:spagnolo
Pubblicazione: Ciudad de México Porrúa 1978
Edizione:6a. ed
Serie:Sepan Cuántos, 147
Soggetti:
Tags: Aggiungi Tag
Nessun Tag, puoi essere il primo ad aggiungerne!!

MARC

LEADER 00000nam a2200000 a 4500
001 UCQ4462
003 CL-VaPUC
008 980904e19780000MX |||||||||||||||||spa|d
082 0 4 |a 873  |b VIR  |2 21 
100 0 |a Virgilio  |e author  |9 266332 
700 0 |a Virgilio Marón, Publio  |e author  |9 266333 
245 1 0 |a Eneida 
246 1 0 |a Georgicas 
246 1 0 |a Bucólicas 
250 |a 6a. ed 
300 |a 299 p 
942 |c BK 
945 |d 19980904 00:00:00  |a lriquelm 
260 |a Ciudad de México  |b Porrúa  |c 1978 
600 0 7 |a VIRGILIO MARON, PUBLIO  |2 CL-VaPUC  |9 266333 
650 0 |a Poesías épicas latinas   |9 265355 
650 7 |a POESIAS LATINAS  |2 CL-VaPUC  |9 418659 
583 |a last modification  |c 20121218 08:08:31  |k Rodrigo Vera 
490 0 |a Sepan Cuántos, 147 
999 |c 274837  |d 274835 
952 |0 0  |1 0  |4 0  |6 873_000000000000000_VIR_1978  |7 0  |8 A  |9 311160  |a BIBEDU  |b BIBEDU  |d 2019-11-20  |i 146163K  |l 1  |o 873 VIR 1978  |p 146163K  |r 2022-03-30  |s 2022-03-24  |w 2019-11-20  |y BK  |k LIT 
952 |0 0  |1 0  |4 0  |6 873_000000000000000_VIR_1978  |7 0  |8 A  |9 311161  |a BIBEDU  |b BIBEDU  |d 2019-11-20  |i 1461680  |l 3  |m 1  |o 873 VIR 1978  |p 1461680  |r 2025-04-21  |s 2025-03-28  |w 2019-11-20  |y BK  |k LIT